000 00593nam a2200217Ia 4500
003 OSt
005 20260306101547.0
008 210210b1961 xxu||||| |||| 00| 0 eng d
040 _cAL
041 _aHindi
082 _a863/135
100 _aASHK (Upendranath)
_dअश्क (उपेन्द्रनाथ)
_9180871
245 _aNaye rang ekanki
_bनये रंग एकांकी
260 _aIllAhAbAd
_b-
_c1961
650 _arang
_9180872
650 _aNaye
_9180873
650 _aekAnki
_9180874
690 _aHindi Drama
_9180875
906 _a023512
942 _2ddc
_cBK
999 _c148482
_d148482